000 00749nam a2200229Ia 4500
003 OSt
005 20220926022316.0
006 a|||||r|||| 00| 0
007 ta
008 220923b |||||||| |||| 00| 0 eng d
037 _cGeneral Book
040 _aRTL
_cRTL
_beng
041 _2eng
_aeng
082 _aXoaH4132.17oj.P04, P5/UN
110 _aAsia and the Pacific (Economic and social commission for-)
245 0 _aEconomic and social survey of the Asia and the Pacific
260 _aNew York
_bUnited Nations Publication
_c2005
300 _a263p
_ccm.
700 _aAsia and the Pacific (Economic and social commission for-)
942 _hXoaH4132.17oj.P04, P5/UN
_cGB
_2CC
999 _c639165
_d639165